| 000 | 00349nam a2200133Ia 4500 | ||
|---|---|---|---|
| 008 | 240624s9999 xx 000 0 und d | ||
| 041 | _aeng | ||
| 082 | _a658.4 NOR | ||
| 100 | _aNORRIS GRANT | ||
| 245 | _aE BUSINESS AND ERP TRANSFORMING THE ENTE | ||
| 260 |
_c2000 _aNew York _bJohn Wiley and Sons |
||
| 300 | _a194 : p. : cm. ; 24 | ||
| 365 |
_c _b30 |
||
| 999 |
_c12263 _d12263 |
||